000 00582nam a2200157Ia 4500
008 090711s9999 xx 000 0 und d
082 _b51538
100 _aकेळकर ग. म.
245 _aयुध्दकथा अजब युध्दतंत्र
260 _bआनंद छापखाना
_c1995
600 _aकेळकर ग. म.
630 _aयुध्दकथा अजब युध्दतंत्र
700 _aकेळकर ग. म.
730 _aयुध्दकथा अजब युध्दतंत्र
942 _cBOOK
999 _c330761
_d330761